| 000 | 01405nab a2200241 i 4500 | ||
|---|---|---|---|
| 001 | 768714001 | ||
| 003 | CO-MdFUSB | ||
| 005 | 20240724085741.0 | ||
| 008 | 240724t1990 enk||||| |||| 00| 0 eng d | ||
| 040 |
_bspa _cCO-MdFUSB _dCO-MdFUSB |
||
| 041 | _aeng | ||
| 100 |
_aValentini, Donato, _eautor |
||
| 245 |
_aAn overview of theologians' positions: a review of major writings and the state of the question today _c/ Donato Valentini ; traducido por John Bowden |
||
| 520 | _aEl estudio de las posiciones teológicas y sus desarrollos es llevado a cabo por Donato Valentini, con un enfoque en los problemas y las propuestas de la literatura sobre la colegialidad episcopal después del Concilio. No se procederá estrictamente según categorías históricas y teológicas analizando las ideas de los autores individuales una por una, sino de manera lógica y sistemática e intentará relacionar críticamente las contribuciones de los autores con esta base. | ||
| 546 | _aTexto en inglés. | ||
| 650 | 7 |
_aIglesia _9655 |
|
| 650 | 7 |
_aTeología dogmática _96937 |
|
| 650 | 7 |
_aClero -- _bActividad política _941 |
|
| 700 | 1 |
_aBowden, John _d1935-2010 _etraductor |
|
| 773 | 0 |
_070507 _982841 _dLondres : Board, 1966. _oR2693 _tConcilium : _w(CO-MdFUSB)768714001 _x0010-5236 _gNúmero 4, (agosto, 1990), páginas: 31 - 42 _qpágina: 31 |
|
| 942 | _cANA | ||
| 945 | _aCatherine Arias Álvarez - Practicante SENA | ||
| 999 |
_c70572 _d70572 |
||